| 000 | 00379nam a2200145Ia 4500 | ||
|---|---|---|---|
| 008 | 230917s9999||||xx |||||||||||||| ||und|| | ||
| 040 |
_e197249 _aMAIN |
||
| 041 | _aEnglish | ||
| 082 | _a616.01 G412A | ||
| 100 | _aGillespie, Stephen H | ||
| 245 | 0 | _aAntibiotic resistance: Methods and protocols | |
| 260 |
_aTotowa _bHumana Press _c2001 |
||
| 300 | _axv, 287 p. | ||
| 942 | _cBK | ||
| 999 |
_c159602 _d159602 |
||